Careers with Character Special Education Teacher (Record no. 347430)
[ view plain ]
| 000 -LEADER | |
|---|---|
| fixed length control field | 00307nam a2200109Ia 4500 |
| 008 - FIXED-LENGTH DATA ELEMENTS--GENERAL INFORMATION | |
| fixed length control field | 171205s9999 xx 000 0 und d |
| 020 ## - INTERNATIONAL STANDARD BOOK NUMBER | |
| International Standard Book Number | 9781422227671 |
| 100 ## - MAIN ENTRY--PERSONAL NAME | |
| Personal name | Sanna, Ellyn. |
| 245 ## - TITLE STATEMENT | |
| Statement of responsibility, etc | Ellyn Sanna |
| Title | Careers with Character Special Education Teacher |
| 260 ## - PUBLICATION, DISTRIBUTION, ETC. (IMPRINT) | |
| Name of publisher, distributor, etc | Mason Crest |
| Date of publication, distribution, etc | 2014 |
| 300 ## - PHYSICAL DESCRIPTION | |
| Extent | 96 pages |
| Withdrawn status | Lost status | Damaged status | Home library | Current library | Shelving location | Date acquired | Source of acquisition | Total Checkouts | Full call number | Barcode | Date last seen | Price effective from | Koha item type |
|---|---|---|---|---|---|---|---|---|---|---|---|---|---|
| College Library | College Library | Reserve Section | 12/05/2017 | Library Fund | LC 3969 .Sa196 2014 | c21071 | 05/15/2018 | 12/05/2017 | Books |